| 000 | 01433nam a2200265Ia 4500 | ||
|---|---|---|---|
| 999 |
_c46142 _d46142 |
||
| 001 | 12974 | ||
| 003 | GE_BSU | ||
| 005 | 20240829145718.0 | ||
| 008 | 181216s2006||||ge |||||||||||||| ||geo|| | ||
| 040 | _cGE_BSU | ||
| 041 | _ageo | ||
| 080 | _a94(479.22) გ-60 | ||
| 100 |
_aგოგიტიძე, სიმონ _9101 |
||
| 245 |
_aდაიაენი-დიაოხი : _b(ლოკალიზაციისა და ეთნიკური კუთვნილებისათვის) / _c[რედ. შოთა მამულაძე] ; ბათუმის ს/კ ინ-ტი, აჭარის კოოპ. ინ-ტის ისტ. კათედრა |
||
| 264 |
_aბათუმი : _bმეცნიერება, _c2006. |
||
| 300 |
_a195 გვ. : _bრუკ. ; _c20 სმ. |
||
| 504 | _aბიბლიოგრაფია ტექსტების შენიშვნებში | ||
| 520 | _aრეზიუმე რუსულ და ინგლისურ ენებზე | ||
| 653 | _aდაიაენი-დიაოხი | ||
| 653 | _aუძველესი ქართული სამეფოები | ||
| 653 | _aსაქართველოს ისტორია | ||
| 653 | _aდიაოხის ისტორია | ||
| 700 |
_aმამულაძე, შოთა _eრედაქტორი _91483 |
||
| 942 |
_cBK _2udc |
||